000 00345nam a2200133 a 4500
005 20140414132123.0
008 131217s19uu xx 00 eng d
050 _aER
_bRab112 2012
245 _aRabbit who liked to crunch (The).
260 _aUSA :
_bThe Clever Factory,
_cc2012.
300 _a6
650 _aRabbit-
_xfiction
999 _c115144
_d115144